| 000 | 00968nam a2200265 a 4500 | ||
|---|---|---|---|
| 001 | 46391 | ||
| 003 | BD-RjUL | ||
| 005 | 20211209054139.0 | ||
| 008 | 160802s1957 enk b 001 0 eng | ||
| 035 | _a(BD-RjUL) 46509 | ||
| 040 |
_aDLC _cKSU _dBD-RjUL _beng |
||
| 041 | _aeng | ||
| 082 |
_223 _a342.5491 _bGLP 1957 |
||
| 100 | 1 |
_aGledhill, Alan. _9128388 |
|
| 245 | 1 | 0 |
_aPakistan: _bthe development of its law and constitution. / _cby Alan Gledhill |
| 260 |
_aLondon : _bStevens & Sons, _c1957. |
||
| 300 |
_ax, 263 p. : _bIll. ; _c26 cm. |
||
| 490 | 1 |
_aBritish Commonwealth: the development of its laws and constitutions ; _vv. 8 : Pakistan |
|
| 504 | _aBibliography: p. 372. | ||
| 650 | 0 |
_aLaw _zPakistan _xHistory. _9141646 |
|
| 650 | 0 |
_aConstitutional law _zPakistan. _9141385 |
|
| 650 | 0 |
_aConstitutional history _zPakistan. _9141546 |
|
| 830 | 0 |
_aBritish Commonwealth, the development of its laws and constitutions ; _vv. 8 : Pakistan _9140588 |
|
| 942 |
_2ddc _cBK |
||
| 999 |
_c46391 _d46391 |
||